[Event "Senioren-BEM Halle"]
[Site "Halle"]
[Date "2014.10.10"]
[Round "1.1"]
[White "Albrecht, Juergen"]
[Black "Gremmer, Dieter"]
[Result "1-0"]
[WhiteElo "2230"]
[BlackElo "1764"]
[PlyCount "65"]
[EventDate "2014.??.??"]

1. e4 e5 2. Nf3 Nc6 3. Bb5 a6 4. Ba4 Nf6 5. d4 Nxe4 6. O-O d5 7. Nxe5 Qf6 8.
Nxc6 bxc6 9. f3 Ng3 10. hxg3 Bd7 11. Bf4 Kd8 12. Qd2 h6 13. c4 Rb8 14. Nc3 Bb4
15. cxd5 c5 16. Be5 Qg6 17. Bxd7 Kxd7 18. dxc5 Bxc5+ 19. Rf2 Qb6 20. Na4 Bxf2+
21. Qxf2 Qxf2+ 22. Kxf2 f6 23. Nc5+ Ke7 24. Bc3 Rb6 25. Ne6 c6 26. Nxg7 cxd5
27. Nf5+ Kf7 28. g4 Re6 29. Rd1 Rhe8 30. Rxd5 Re2+ 31. Kg3 Kg6 32. Rd7 Rg8 33.
Nh4+ 1-0

[Event "Senioren-BEM Halle"]
[Site "Halle"]
[Date "2014.10.10"]
[Round "1.2"]
[White "Markus, Roland"]
[Black "Stanke, Achim"]
[Result "0-1"]
[WhiteElo "1754"]
[BlackElo "2122"]
[PlyCount "94"]
[EventDate "2014.??.??"]

1. Nf3 g6 2. g3 Bg7 3. Bg2 c6 4. d4 d5 5. c3 Nh6 6. Nbd2 O-O 7. e4 f6 8. O-O
Nf7 9. Re1 Re8 10. e5 Na6 11. exf6 exf6 12. Rxe8+ Qxe8 13. Qe1 Qd8 14. Nb3 Nc7
15. Bd2 Ne6 16. Qe2 Bd7 17. h4 a5 18. Nc1 Qb6 19. b3 Re8 20. Qf1 Nd6 21. Nd3
Ne4 22. Rd1 Nf8 23. Bh3 Qa6 24. Bxd7 Nxd7 25. Nf4 Qa8 26. Qh3 Nf8 27. Kg2 Nxd2
28. Nxd2 Bh6 29. h5 Bxf4 30. gxf4 Qb8 31. f5 g5 32. Qg4 h6 33. c4 Qd8 34. c5
Nd7 35. Kf1 Qe7 36. Qf3 Kf7 37. Qg4 Nb8 38. a3 Na6 39. Rb1 Nc7 40. a4 Na6 41.
Qd1 Nb4 42. Qf3 Qc7 43. Kg2 Nc2 44. Qc3 Ne1+ 45. Kf1 Qh2 46. Qg3 Qh1+ 47. Qg1
Qh3+ 0-1

[Event "Senioren-BEM Halle"]
[Site "Halle"]
[Date "2014.10.10"]
[Round "1.3"]
[White "Benne, Horst"]
[Black "Kuehn, Ekkehard"]
[Result "1-0"]
[WhiteElo "2095"]
[BlackElo "1734"]
[PlyCount "77"]
[EventDate "2014.??.??"]

1. d4 Nf6 2. Nc3 d5 3. Bg5 e6 4. e4 dxe4 5. Nxe4 Be7 6. Bxf6 Bxf6 7. Nf3 O-O 8.
Qd2 b6 9. Nxf6+ Qxf6 10. Bd3 Bb7 11. Ng5 h6 12. Nh7 Qe7 13. Nxf8 Qxf8 14. O-O
Qd6 15. Qe3 Nd7 16. Be4 Bxe4 17. Qxe4 c6 18. Rad1 Nf6 19. Qf3 Rc8 20. c3 Qd5
21. Qxd5 exd5 22. Rfe1 Kf8 23. f3 Re8 24. Rxe8+ Nxe8 25. Re1 Nd6 26. Kf2 a5 27.
a4 Nb7 28. Re2 Nd8 29. b4 Nb7 30. Rb2 Nd6 31. bxa5 bxa5 32. Rb6 Nc4 33. Rxc6
Nb2 34. Rc5 Nxa4 35. Rxd5 Nxc3 36. Rxa5 Ke7 37. Ke3 Ke6 38. Kd3 Nd5 39. Rxd5
1-0

[Event "Senioren-BEM Halle"]
[Site "Halle"]
[Date "2014.10.10"]
[Round "1.4"]
[White "Schmidt-Seifert, Bernhard"]
[Black "Nowak, Stefan"]
[Result "0-1"]
[WhiteElo "1721"]
[BlackElo "1999"]
[PlyCount "138"]
[EventDate "2014.??.??"]

1. Nf3 d5 2. d4 Nf6 3. e3 c6 4. c4 e6 5. Nc3 Nbd7 6. Bd3 dxc4 7. Bxc4 b5 8. Bd3
Bb7 9. O-O a6 10. Bd2 c5 11. dxc5 Bxc5 12. Rc1 O-O 13. Be2 Qe7 14. a3 Rad8 15.
Qc2 e5 16. Na2 Rc8 17. Qf5 Be4 18. Qg5 Qe6 19. Nb4 a5 20. Nc2 h6 21. Qh4 Be7
22. Bxa5 Bxc2 23. Bxb5 Ne4 24. Qh3 Qxh3 25. gxh3 Ndf6 26. Ne1 Bb3 27. Nd3 Ng5
28. Bc3 Bd5 29. Rfd1 Nf3+ 30. Kf1 Nxh2+ 31. Ke1 Nf3+ 32. Ke2 e4 33. Nf4 Bb3 34.
Rh1 Rb8 35. Bc6 Bc4+ 36. Kd1 g5 37. Bxf6 Bxf6 38. Rxc4 gxf4 39. Bxe4 Rfd8+ 40.
Ke2 Ne5 41. Rg1+ Kf8 42. Rc2 f3+ 43. Bxf3 Nxf3 44. Kxf3 Rxb2 45. Rgc1 Rxc2 46.
Rxc2 Ra8 47. Ra2 Ra4 48. e4 Be7 49. Kf4 Rxa3 50. Rc2 Rxh3 51. Rc8+ Kg7 52. Re8
Bg5+ 53. Kg4 Rh4+ 54. Kg3 Rf4 55. f3 Rf6 56. Ra8 h5 57. Ra5 Kg6 58. Ra8 h4+ 59.
Kf2 Bf4 60. Rh8 Kg5 61. Kg2 Bg3 62. Rg8+ Kf4 63. Ra8 Rh6 64. Ra5 h3+ 65. Kh1
Rb6 66. Ra1 Kxf3 67. Rf1+ Kxe4 68. Rg1 Rb3 69. Re1+ Bxe1 0-1

[Event "Senioren-BEM Halle"]
[Site "Halle"]
[Date "2014.10.10"]
[Round "1.5"]
[White "Bocionek, Dieter"]
[Black "Ruehlemann, Ronald"]
[Result "1-0"]
[WhiteElo "1996"]
[BlackElo "1695"]
[PlyCount "45"]
[EventDate "2014.??.??"]

1. d4 d5 2. Nc3 e6 3. Nf3 Nf6 4. Bg5 c5 5. e3 Nbd7 6. Bb5 a6 7. Bxd7+ Bxd7 8.
O-O Rc8 9. e4 h6 10. Bxf6 Qxf6 11. exd5 cxd4 12. dxe6 Bxe6 13. Qxd4 Be7 14. Qe4
O-O 15. Rfd1 Bf5 16. Qe2 Bb4 17. Nd5 Qxb2 18. Rdb1 Qxa1 19. Rxa1 Rxc2 20. Qf1
Bc5 21. Ne3 Bxe3 22. fxe3 Rfc8 23. Nd4 1-0

[Event "Senioren-BEM Halle"]
[Site "Halle"]
[Date "2014.10.10"]
[Round "1.6"]
[White "Tonn, Waldemar"]
[Black "Ruemmler, Roland"]
[Result "1/2-1/2"]
[WhiteElo "1694"]
[BlackElo "1986"]
[PlyCount "33"]
[EventDate "2014.??.??"]

1. f4 Nf6 2. Nf3 d5 3. e3 c5 4. Bb5+ Bd7 5. Bxd7+ Qxd7 6. O-O Nc6 7. d3 e6 8.
b3 g6 9. Bb2 Bg7 10. Qe2 O-O 11. Ne5 Qc7 12. Ng4 d4 13. e4 h5 14. Nxf6+ Bxf6
15. Nd2 Ne7 16. g4 hxg4 17. Qxg4 1/2-1/2

[Event "Senioren-BEM Halle"]
[Site "Halle"]
[Date "2014.10.10"]
[Round "1.7"]
[White "Moellmann, Hans-Joachim"]
[Black "Ptitsyn, Vadim"]
[Result "1-0"]
[WhiteElo "1855"]
[BlackElo "1688"]
[PlyCount "67"]
[EventDate "2014.??.??"]

1. d4 Nf6 2. c4 g6 3. g3 Bg7 4. Bg2 d6 5. Nf3 Nbd7 6. O-O O-O 7. Nc3 Rb8 8. b3
c6 9. Bb2 e5 10. dxe5 Nxe5 11. Nxe5 dxe5 12. Qc2 Bf5 13. e4 Be6 14. Na4 Qc7 15.
Nc5 Rfe8 16. Rad1 Nd7 17. Ba3 Rbd8 18. Nxe6 fxe6 19. Bd6 Qc8 20. c5 b6 21. b4
b5 22. Bh3 Bf8 23. Qc3 Bxd6 24. Rxd6 Nf8 25. Qxe5 Rxd6 26. cxd6 Qd7 27. Qd4 g5
28. e5 Ng6 29. Bg2 Kg7 30. Rc1 Rc8 31. Qe4 h6 32. Bf3 a5 33. a3 axb4 34. axb4
1-0

[Event "Senioren-BEM Halle"]
[Site "Halle"]
[Date "2014.10.10"]
[Round "1.8"]
[White "Heuer, Frank"]
[Black "Fischer, Joerg"]
[Result "1/2-1/2"]
[WhiteElo "1677"]
[BlackElo "1808"]
[PlyCount "56"]
[EventDate "2014.??.??"]

1. d4 d5 2. Nf3 c6 3. g3 e6 4. Bg2 f5 5. Ne5 Nf6 6. O-O Be7 7. c4 O-O 8. Nc3
Nbd7 9. cxd5 exd5 10. Bf4 Nxe5 11. dxe5 Nh5 12. Qb3 Nxf4 13. gxf4 Kh8 14. Rad1
Rb8 15. Rd3 Be6 16. Qd1 Qb6 17. b3 Rbd8 18. e3 g6 19. Ne2 c5 20. Bxd5 Bxd5 21.
Rxd5 Qc6 22. Nc3 b5 23. Rxd8 Rxd8 24. Qa1 b4 25. Ne2 Rd2 26. Ng3 Qa6 27. e6+
Kg8 28. Qe5 Qd6 1/2-1/2

[Event "Senioren-BEM Halle"]
[Site "Halle"]
[Date "2014.10.10"]
[Round "1.9"]
[White "Markus, Nico"]
[Black "Goldmund, Heike"]
[Result "1-0"]
[WhiteElo "1804"]
[BlackElo "1548"]
[PlyCount "129"]
[EventDate "2014.??.??"]

1. e4 d5 2. exd5 Qxd5 3. Nc3 Qa5 4. d4 Nf6 5. Bc4 Bf5 6. Nf3 e6 7. O-O c6 8.
Bd2 Qc7 9. Re1 Bd6 10. h3 Nbd7 11. Nh4 Bg6 12. Bg5 Bh5 13. Be2 Bxe2 14. Rxe2
O-O-O 15. Ne4 Bf4 16. c3 Bxg5 17. Nxg5 Nb6 18. Nhf3 h6 19. Ne4 Nxe4 20. Rxe4
Nd5 21. Qa4 Kb8 22. Rd1 g5 23. Ne5 h5 24. Nd3 Nf6 25. Ree1 h4 26. Ne5 Rdg8 27.
f3 Nd5 28. Nd3 Nf4 29. Qc2 Nxd3 30. Rxd3 Rh6 31. Rde3 Qd6 32. Qe4 f5 33. Qe5
Qxe5 34. Rxe5 Rgg6 35. R1e2 Kc7 36. b3 Kd6 37. Kf1 b5 38. c4 a6 39. a4 bxc4 40.
bxc4 Rh8 41. Ra5 Ra8 42. Rb2 Kc7 43. Kf2 Rgg8 44. Ke3 Rgb8 45. Rxb8 Kxb8 46.
Re5 Kc7 47. Rxe6 Kd7 48. Re5 Re8 49. Rxe8 Kxe8 50. d5 cxd5 51. cxd5 Ke7 52. Kd4
Kd6 53. a5 Kd7 54. Ke5 f4 55. d6 Kd8 56. Ke6 Ke8 57. Kf5 Kd7 58. Kxg5 Kxd6 59.
Kxh4 Kc5 60. Kg5 Kb5 61. h4 Kxa5 62. h5 Kb5 63. h6 a5 64. h7 a4 65. h8=Q 1-0

[Event "Senioren-BEM Halle"]
[Site "Halle"]
[Date "2014.10.11"]
[Round "2.1"]
[White "Moellmann, Hans-Joachim"]
[Black "Albrecht, Juergen"]
[Result "1-0"]
[WhiteElo "1855"]
[BlackElo "2230"]
[PlyCount "51"]
[EventDate "2014.??.??"]

1. d4 c5 2. d5 e6 3. c4 exd5 4. cxd5 Nf6 5. g3 d6 6. Bg2 g6 7. Nf3 Bg7 8. O-O
O-O 9. Nc3 Na6 10. e4 Nc7 11. a4 Rb8 12. Re1 Re8 13. e5 dxe5 14. Nxe5 Nfxd5 15.
Bxd5 Nxd5 16. Qxd5 Qxd5 17. Nxd5 Rxe5 18. Bf4 f6 19. Nxf6+ Bxf6 20. Bxe5 Bxe5
21. Rxe5 Bd7 22. Rxc5 Bc6 23. b4 Kg7 24. b5 Bf3 25. Ra3 Rf8 26. Rc7+ 1-0

[Event "Senioren-BEM Halle"]
[Site "Halle"]
[Date "2014.10.11"]
[Round "2.2"]
[White "Hilbert, Stephan-Joerg"]
[Black "Benne, Horst"]
[Result "1/2-1/2"]
[WhiteElo "1798"]
[BlackElo "2095"]
[PlyCount "97"]
[EventDate "2014.??.??"]

1. e4 c6 2. Nc3 d5 3. Nf3 dxe4 4. Nxe4 Bg4 5. h3 Bxf3 6. Qxf3 e6 7. c3 Nd7 8.
d4 Ngf6 9. Bd3 Nxe4 10. Bxe4 Nf6 11. Bg5 Be7 12. Bxf6 Bxf6 13. O-O O-O 14. Rfd1
Qd6 15. g3 Rad8 16. Bc2 Rd7 17. a4 Rfd8 18. Kg2 Qc7 19. Rab1 a5 20. Qe2 g6 21.
f4 c5 22. dxc5 Qxc5 23. Rxd7 Rxd7 24. Rd1 Rxd1 25. Bxd1 Bd8 26. Qb5 Qd6 27. Bf3
Bb6 28. Qe2 Qd7 29. Qb5 Qd2+ 30. Qe2 Qc1 31. h4 Qg1+ 32. Kh3 Bf2 33. Bg2 b6 34.
Qf1 Kf8 35. Qxg1 Bxg1 36. Kg4 Ke7 37. b4 h5+ 38. Kf3 Kd6 39. bxa5 bxa5 40. Bf1
Bc5 41. Bb5 Ba3 42. g4 hxg4+ 43. Kxg4 Bc1 44. Kf3 Bd2 45. c4 Be1 46. c5+ Kxc5
47. Be8 f5 48. Bxg6 Bxh4 49. Bf7 1/2-1/2

[Event "Senioren-BEM Halle"]
[Site "Halle"]
[Date "2014.10.11"]
[Round "2.3"]
[White "Nowak, Stefan"]
[Black "Ruehlemann, Harald"]
[Result "1/2-1/2"]
[WhiteElo "1999"]
[BlackElo "1793"]
[PlyCount "70"]
[EventDate "2014.??.??"]

1. d4 Nf6 2. c4 e6 3. Nf3 b6 4. e3 Bb7 5. Bd3 Be7 6. Nc3 d5 7. cxd5 exd5 8. O-O
Nbd7 9. Qc2 a6 10. e4 dxe4 11. Nxe4 Bxe4 12. Bxe4 Nxe4 13. Qxe4 O-O 14. Bf4 Nf6
15. Qc2 Bd6 16. Bg5 h6 17. Bh4 Rc8 18. Rad1 Re8 19. Ne5 c5 20. Qb3 Qc7 21. Bxf6
gxf6 22. Ng4 Kg7 23. Qh3 Bf4 24. Ne3 Bxe3 25. fxe3 Qe7 26. Rf3 Qe6 27. Qg3+ Kh7
28. d5 Qe5 29. Qf2 c4 30. d6 Re6 31. d7 Rd8 32. Rd4 Rd6 33. Qc2+ Kg7 34. Re4
Rd1+ 35. Qxd1 Qxe4 1/2-1/2

[Event "Senioren-BEM Halle"]
[Site "Halle"]
[Date "2014.10.11"]
[Round "2.5"]
[White "Ruemmler, Roland"]
[Black "Heuer, Frank"]
[Result "1-0"]
[WhiteElo "1986"]
[BlackElo "1677"]
[PlyCount "41"]
[EventDate "2014.??.??"]

1. d4 c5 2. d5 b6 3. c4 Bb7 4. Nc3 g6 5. e4 Bg7 6. Nf3 d6 7. Be3 Nd7 8. Be2
Ngf6 9. h3 a6 10. O-O Qc7 11. Qd2 O-O-O 12. a3 h5 13. Rab1 e6 14. Ng5 Nf8 15.
b4 Qd7 16. bxc5 bxc5 17. Qb2 Ne8 18. Rfc1 Kb8 19. Qb6 Ka8 20. Na4 Rb8 21. Nxc5
1-0

[Event "Senioren-BEM Halle"]
[Site "Halle"]
[Date "2014.10.11"]
[Round "2.6"]
[White "Fischer, Joerg"]
[Black "Tonn, Waldemar"]
[Result "1/2-1/2"]
[WhiteElo "1808"]
[BlackElo "1694"]
[PlyCount "67"]
[EventDate "2014.??.??"]

1. d4 f5 2. c4 Nf6 3. g3 e6 4. Bg2 Bb4+ 5. Nd2 O-O 6. Qb3 Bxd2+ 7. Bxd2 c6 8.
Nf3 d6 9. Rd1 Ne4 10. O-O Nxd2 11. Rxd2 Nd7 12. c5 d5 13. Qc3 Nf6 14. Ne5 Ne4
15. Bxe4 fxe4 16. f4 Bd7 17. e3 Be8 18. Rdf2 Bg6 19. Qb3 Qe7 20. Qd1 Be8 21. a3
Rd8 22. h4 Bd7 23. Qg4 Bc8 24. h5 Qf6 25. Rh2 Bd7 26. Qh3 Be8 27. g4 g6 28.
hxg6 Bxg6 29. f5 exf5 30. Nxg6 Qxg6 31. Rg2 f4 32. exf4 Rf7 33. Qe3 Rdf8 34. f5
1/2-1/2

[Event "Senioren-BEM Halle"]
[Site "Halle"]
[Date "2014.10.11"]
[Round "2.7"]
[White "Stanke, Achim"]
[Black "Markus, Nico"]
[Result "1/2-1/2"]
[WhiteElo "2122"]
[BlackElo "1804"]
[PlyCount "128"]
[EventDate "2014.??.??"]

1. d4 Nf6 2. Nf3 e6 3. g3 b6 4. Bg2 Bb7 5. O-O Be7 6. c4 O-O 7. Nc3 d5 8. Qc2
Nbd7 9. Rd1 a6 10. a4 Rc8 11. cxd5 exd5 12. Qf5 Bb4 13. Bf4 Bxc3 14. bxc3 Ne4
15. Rac1 b5 16. axb5 axb5 17. Ne5 Nef6 18. Bh3 Nb6 19. Bg5 Ra8 20. Ng4 Bc8 21.
Qf3 Bxg4 22. Bxg4 Qd6 23. Bf5 h6 24. Bf4 Qe7 25. Be5 c6 26. Qf4 Rfe8 27. Bd3
Nbd7 28. Bd6 Qe6 29. Bb4 Ne4 30. Kg2 Qf6 31. Qxf6 Nexf6 32. Ra1 Nb6 33. f3 Ra4
34. Rxa4 Nxa4 35. Rd2 g6 36. Kf2 Kg7 37. e3 Nd7 38. e4 Ndb6 39. Ra2 dxe4 40.
fxe4 Rc8 41. Kf3 Ra8 42. Ke3 Kf6 43. Rf2+ Ke6 44. Bf1 Nc4+ 45. Kd3 Nab2+ 46.
Kc2 Ne3+ 47. Kb3 Nxf1 48. Rxf1 Nd3 49. e5 Nxb4 50. Rf6+ Ke7 51. Kxb4 Ra4+ 52.
Kb3 Rc4 53. Rd6 c5 54. Rd5 cxd4 55. cxd4 f6 56. Rxb5 Rxd4 57. Rb7+ Ke6 58. Rg7
Rg4 59. exf6 Kxf6 60. Rh7 h5 61. Kc3 Kg5 62. Ra7 h4 63. Ra5+ Kh6 64. gxh4 Rxh4
1/2-1/2

[Event "Senioren-BEM Halle"]
[Site "Halle"]
[Date "2014.10.11"]
[Round "2.8"]
[White "Jessen, Helmut"]
[Black "Ruehlemann, Ronald"]
[Result "1/2-1/2"]
[WhiteElo "1778"]
[BlackElo "1695"]
[PlyCount "33"]
[EventDate "2014.??.??"]

1. e4 e5 2. Nf3 Nc6 3. Bc4 Bc5 4. a3 Nf6 5. d3 O-O 6. O-O d6 7. Nc3 Bg4 8. h3
Bh5 9. g4 Bg6 10. Nh4 a6 11. Nxg6 hxg6 12. Bg5 Nd4 13. Kg2 b5 14. Ba2 Qd7 15.
Bxf6 gxf6 16. Ne2 Nxe2 17. Qxe2 1/2-1/2

[Event "Senioren-BEM Halle"]
[Site "Halle"]
[Date "2014.10.11"]
[Round "2.9"]
[White "Gremmer, Dieter"]
[Black "Ptitsyn, Vadim"]
[Result "1-0"]
[WhiteElo "1764"]
[BlackElo "1688"]
[PlyCount "51"]
[EventDate "2014.??.??"]

1. e4 e5 2. Nf3 Nc6 3. Bb5 a6 4. Ba4 Nf6 5. O-O Be7 6. Re1 b5 7. Bb3 O-O 8. c3
d6 9. h3 Na5 10. Bc2 c5 11. d4 Qc7 12. d5 Ne8 13. Nbd2 f5 14. b4 cxb4 15. cxb4
Nc4 16. Bb3 Nxd2 17. Bxd2 f4 18. Nxe5 Bf6 19. Rc1 Qd8 20. Nc6 Qd7 21. e5 dxe5
22. Nxe5 Bxe5 23. Rxe5 Qd6 24. Bxf4 Rxf4 25. Rxe8+ Rf8 26. Rc6 1-0

[Event "Senioren-BEM Halle"]
[Site "Halle"]
[Date "2014.10.11"]
[Round "2.10"]
[White "Goldmund, Heike"]
[Black "Markus, Roland"]
[Result "1/2-1/2"]
[WhiteElo "1548"]
[BlackElo "1754"]
[PlyCount "201"]
[EventDate "2014.??.??"]

1. b4 d5 2. Bb2 Bf5 3. Nf3 e6 4. e3 Nf6 5. a3 Bd6 6. Be2 h6 7. O-O c6 8. d3 O-O
9. Nbd2 Nbd7 10. c4 a5 11. Qc2 Qc7 12. c5 Be5 13. Nxe5 Nxe5 14. h3 Rfd8 15. e4
dxe4 16. dxe4 Bh7 17. Rfd1 axb4 18. axb4 Rxa1 19. Bxa1 Nfd7 20. f4 Ng6 21. Qc3
Nf6 22. f5 exf5 23. exf5 Nf4 24. Bf3 Bxf5 25. Re1 N4d5 26. Bxd5 Rxd5 27. Nc4
Be6 28. Nd6 b6 29. Re5 bxc5 30. bxc5 Rd1+ 31. Re1 Rxe1+ 32. Qxe1 Qa7 33. Qe5
Qa2 34. Bb2 Qd5 35. Nb7 Qxe5 36. Bxe5 Ne4 37. Kf1 Bc4+ 38. Ke1 Ba6 39. Na5 Nxc5
40. Nxc6 Bb7 41. Ne7+ Kh7 42. Kf1 Nd3 43. Bd4 Nf4 44. g3 Nxh3 45. Nf5 f6 46.
Ke2 Ng5 47. Ke3 Kg6 48. Ne7+ Kh5 49. Nf5 Ne6 50. Nxg7+ Nxg7 51. Bxf6 Ne6 52.
Be5 Kg4 53. Kf2 Ng5 54. Ke3 Ne4 55. Bf4 h5 56. Be5 Nxg3 57. Kf2 h4 58. Kg1 h3
59. Kh2 Nf1+ 60. Kg1 Ba6 61. Bd6 Nd2 62. Kh1 Bb7+ 63. Kg1 Nf3+ 64. Kf2 h2 65.
Bxh2 Nxh2 66. Ke3 Nf3 67. Kd3 Kf4 68. Kc4 Ke3 69. Kc5 Nd4 70. Kd6 Ke4 71. Kc5
Kd3 72. Kd6 Ke4 73. Kc5 Bd5 74. Kd6 Nf5+ 75. Kc5 Ne7 76. Kd6 Ng6 77. Kc5 Ba2
78. Kd6 Kd4 79. Kc6 Bc4 80. Kd6 Bg8 81. Kc6 Kc4 82. Kd6 Bd5 83. Kd7 Bf7 84. Kd6
Kd4 85. Kc6 Ne7+ 86. Kd6 Nf5+ 87. Kc6 Kc4 88. Kb6 Bd5 89. Kc7 Kc5 90. Kd7 Bf7
91. Kc7 Nd4 92. Kd7 Nc6 93. Kc7 Be6 94. Kb7 Nd4 95. Kc7 Nc6 96. Kb7 Kb5 97. Kc7
Bf5 98. Kd6 Be4 99. Ke6 Kc5 100. Kf6 Kd6 101. Kg5 1/2-1/2

[Event "Senioren-BEM Halle"]
[Site "Halle"]
[Date "2014.10.11"]
[Round "3.1"]
[White "Bocionek, Dieter"]
[Black "Moellmann, Hans-Joachim"]
[Result "1-0"]
[WhiteElo "1996"]
[BlackElo "1855"]
[PlyCount "111"]
[EventDate "2014.??.??"]

1. d4 Nf6 2. Nc3 d5 3. Bg5 Nbd7 4. Nf3 h6 5. Bxf6 Nxf6 6. e3 c6 7. Bd3 e6 8.
Ne2 Bd6 9. c3 O-O 10. Ng3 Qc7 11. O-O Ng4 12. e4 Bxg3 13. hxg3 dxe4 14. Bxe4 f5
15. Bc2 Bd7 16. Re1 Rad8 17. Ne5 Nxe5 18. Rxe5 b6 19. Qe2 Rf6 20. Re1 Re8 21.
Bb3 Qc8 22. c4 Kh7 23. d5 c5 24. Bc2 g6 25. f4 h5 26. Qf3 Qa8 27. Qc3 Qd8 28.
Kf2 Qe7 29. Bd1 Qg7 30. Qd2 Kh6 31. g4 fxg4 32. Bxg4 g5 33. g3 hxg4 34. Rh1+
Kg6 35. Rxg5+ Kf7 36. Rxg7+ Kxg7 37. Qc2 Rf5 38. Rh4 exd5 39. Rxg4+ Kf6 40.
cxd5 Rxd5 41. Qg6+ Ke7 42. Rg5 Rd2+ 43. Ke3 Rh2 44. Re5+ Kd8 45. Rxe8+ Bxe8 46.
Qg7 Bb5 47. f5 Re2+ 48. Kf4 Re7 49. Qf8+ Kd7 50. g4 Bc4 51. b3 Bd5 52. Qb8 Kc6
53. f6 Rf7 54. Ke5 Rd7 55. Qc8+ Rc7 56. Qa8+ 1-0

[Event "Senioren-BEM Halle"]
[Site "Halle"]
[Date "2014.10.11"]
[Round "3.2"]
[White "Benne, Horst"]
[Black "Ruemmler, Roland"]
[Result "1/2-1/2"]
[WhiteElo "2095"]
[BlackElo "1986"]
[PlyCount "20"]
[EventDate "2014.??.??"]

1. d4 d5 2. g3 Nf6 3. c3 g6 4. Nf3 Bg7 5. Bg2 O-O 6. O-O Nbd7 7. Nbd2 Re8 8.
Re1 e5 9. dxe5 Nxe5 10. Nxe5 Rxe5 1/2-1/2

[Event "Senioren-BEM Halle"]
[Site "Halle"]
[Date "2014.10.11"]
[Round "3.3"]
[White "Markus, Nico"]
[Black "Nowak, Stefan"]
[Result "1/2-1/2"]
[WhiteElo "1804"]
[BlackElo "1999"]
[PlyCount "33"]
[EventDate "2014.??.??"]

1. e4 e5 2. Nf3 Nc6 3. d4 exd4 4. Nxd4 Nf6 5. Nxc6 bxc6 6. Bd3 Bc5 7. O-O d6 8.
Bg5 h6 9. Bd2 O-O 10. Nc3 d5 11. exd5 cxd5 12. Bf4 Bb7 13. Na4 Bd6 14. Qd2 Bxf4
15. Qxf4 d4 16. Nc5 Bc6 17. f3 1/2-1/2

[Event "Senioren-BEM Halle"]
[Site "Halle"]
[Date "2014.10.11"]
[Round "3.4"]
[White "Albrecht, Juergen"]
[Black "Hilbert, Stephan-Joerg"]
[Result "1/2-1/2"]
[WhiteElo "2230"]
[BlackElo "1798"]
[PlyCount "54"]
[EventDate "2014.??.??"]

1. e4 d5 2. exd5 Qxd5 3. Nc3 Qa5 4. Bc4 Nf6 5. d3 Bg4 6. f3 Bh5 7. Nge2 e6 8.
a3 c6 9. Be3 Nbd7 10. O-O Bd6 11. Ne4 Nxe4 12. dxe4 Qc7 13. f4 O-O-O 14. Qe1
Bc5 15. Bxc5 Nxc5 16. Ng3 g6 17. b4 Na4 18. Bb3 Nb6 19. Nxh5 gxh5 20. Rd1 Qe7
21. Qe2 h4 22. Rxd8+ Qxd8 23. Qh5 Qd4+ 24. Kh1 Qxe4 25. Qxf7 Nd5 26. h3 Qg6 27.
Qxg6 hxg6 1/2-1/2

[Event "Senioren-BEM Halle"]
[Site "Halle"]
[Date "2014.10.11"]
[Round "3.6"]
[White "Tonn, Waldemar"]
[Black "Gremmer, Dieter"]
[Result "0-1"]
[WhiteElo "1694"]
[BlackElo "1764"]
[PlyCount "66"]
[EventDate "2014.??.??"]

1. f4 Nc6 2. Nf3 d5 3. e3 Nf6 4. Bb5 Bd7 5. O-O g6 6. c3 Bg7 7. Qe1 e5 8. Bxc6
Bxc6 9. Nxe5 Bb5 10. Rf3 Qe7 11. b4 Nd7 12. Ng4 c5 13. a4 Bd3 14. Nf2 Bf5 15.
bxc5 Nxc5 16. Ba3 Qc7 17. Bxc5 Qxc5 18. d4 Qa5 19. e4 dxe4 20. Nxe4 O-O 21. Re3
Rad8 22. Nbd2 Qc7 23. g3 Qc6 24. a5 Bh3 25. Qf2 Rfe8 26. Rae1 Kf8 27. Ng5 Rxe3
28. Rxe3 Bf5 29. Nxh7+ Kg8 30. Ng5 Qa4 31. Re7 Qxa5 32. Rxf7 Qxc3 33. Rxb7 Bxd4
0-1

[Event "Senioren-BEM Halle"]
[Site "Halle"]
[Date "2014.10.11"]
[Round "3.7"]
[White "Ruehlemann, Harald"]
[Black "Stanke, Achim"]
[Result "0-1"]
[WhiteElo "1793"]
[BlackElo "2122"]
[PlyCount "132"]
[EventDate "2014.??.??"]

1. e4 c6 2. d4 g6 3. Nf3 Bg7 4. Nc3 d5 5. e5 Nh6 6. Bd3 O-O 7. O-O f6 8. Re1
Nf7 9. exf6 exf6 10. Bf4 Re8 11. Qd2 Nd7 12. Rxe8+ Qxe8 13. Re1 Qd8 14. Nd1 Nf8
15. c3 Bg4 16. Be2 Bd7 17. Ne3 Ne6 18. Bg3 Bh6 19. Qc2 Nf4 20. Bxf4 Bxf4 21.
Bd3 Kg7 22. h3 Qc8 23. Nf1 Bd6 24. Ng3 Qc7 25. Nf1 Re8 26. Rxe8 Bxe8 27. Ne3
Bd7 28. Nf1 Be6 29. Qe2 Qd7 30. Ng3 Nd8 31. Nf1 Bf7 32. N1h2 Ne6 33. g3 Nd8 34.
h4 Qh3 35. Qf1 Be6 36. Qxh3 Bxh3 37. Nf1 Nf7 38. N1d2 Nh6 39. Nh2 Bc8 40. f4 b6
41. Ndf3 c5 42. Kf2 Bd7 43. Bc2 Be6 44. Ke3 Kf7 45. Bd3 Ke7 46. Bc2 Bc7 47. Bd3
Kd6 48. Bc2 Kc6 49. a3 Bd6 50. Bd3 a5 51. Ne1 Nf5+ 52. Bxf5 Bxf5 53. Nhf3 Kb5
54. Nd2 Ka4 55. Nd3 c4 56. Nc1 b5 57. Nf1 b4 58. axb4 axb4 59. Kd2 Be4 60. Ne3
g5 61. hxg5 fxg5 62. Ne2 Kb3 63. Kc1 Bf3 64. Ng1 gxf4 65. Nf5 bxc3 66. bxc3
Ba3+ 0-1

[Event "Senioren-BEM Halle"]
[Site "Halle"]
[Date "2014.10.11"]
[Round "3.9"]
[White "Markus, Roland"]
[Black "Jessen, Helmut"]
[Result "1/2-1/2"]
[WhiteElo "1754"]
[BlackElo "1778"]
[PlyCount "42"]
[EventDate "2014.??.??"]

1. e4 e5 2. Nf3 Nc6 3. d4 exd4 4. Nxd4 Bc5 5. Be3 Qf6 6. c3 a6 7. Bc4 Nge7 8.
O-O Ba7 9. Na3 O-O 10. Nac2 d6 11. Qd2 h6 12. h3 Qg6 13. Nxc6 Nxc6 14. Bxa7
Nxa7 15. Qe3 Nc6 16. Kh2 Be6 17. Be2 f5 18. exf5 Bxf5 19. Bc4+ Kh8 20. Nd4 Rae8
21. Qd2 Ne5 1/2-1/2

[Event "Senioren-BEM Halle"]
[Site "Halle"]
[Date "2014.10.11"]
[Round "3.10"]
[White "Ruehlemann, Ronald"]
[Black "Goldmund, Heike"]
[Result "1-0"]
[WhiteElo "1695"]
[BlackElo "1548"]
[PlyCount "145"]
[EventDate "2014.??.??"]

1. d4 d5 2. Nf3 Nf6 3. Bf4 Bf5 4. e3 e6 5. Ne5 c6 6. Nd2 Bd6 7. Be2 O-O 8. O-O
Nbd7 9. c4 dxc4 10. Ndxc4 Be7 11. Nxd7 Qxd7 12. Ne5 Qc7 13. Ng6 Bd6 14. Bxd6
Qxd6 15. Nxf8 Kxf8 16. Rc1 Ke7 17. Qb3 Qc7 18. Bf3 Be4 19. Qb4+ Ke8 20. Bxe4
Nxe4 21. Rc2 a5 22. Qe1 f5 23. f3 Nf6 24. e4 f4 25. d5 Qb6+ 26. Qf2 Qxf2+ 27.
Kxf2 exd5 28. exd5 Nxd5 29. Re1+ Kd7 30. a3 b5 31. Rec1 Rc8 32. Rc5 a4 33. h4
h6 34. g3 g5 35. hxg5 hxg5 36. Rh1 Kd6 37. Rcc1 Re8 38. Rh6+ Re6 39. Rxe6+ Kxe6
40. Rxc6+ Kf7 41. Rc5 Ke6 42. Rxb5 fxg3+ 43. Kxg3 Ke5 44. Kg4 Kd4 45. Kxg5 Kc4
46. Rb8 Ne3 47. f4 Kd5 48. f5 Nc4 49. Kg6 Ne5+ 50. Kg7 Nc6 51. Rh8 Ne7 52. f6
Nf5+ 53. Kg6 Nd6 54. f7 Nxf7 55. Kxf7 Kc4 56. Rh3 Kb5 57. Ke6 Kc4 58. Rc3+ Kb5
59. Kd5 Ka5 60. Kc4 Kb6 61. Kb4 Ka6 62. Kxa4 Kb6 63. b4 Ka6 64. Kb3 Kb5 65. a4+
Kb6 66. a5+ Kb5 67. Rc5+ Ka6 68. Ka4 Kb7 69. Rh5 Ka7 70. b5 Kb7 71. a6+ Kb6 72.
Rh7 Kc5 73. a7 1-0

[Event "Senioren-BEM Halle"]
[Site "Halle"]
[Date "2014.10.11"]
[Round "3.11"]
[White "Heuer, Frank"]
[Black "Kuehn, Ekkehard"]
[Result "1/2-1/2"]
[WhiteElo "1677"]
[BlackElo "1734"]
[PlyCount "21"]
[EventDate "2014.??.??"]

1. d4 Nf6 2. Bg5 e6 3. e4 Be7 4. Nd2 b6 5. c3 Bb7 6. Qc2 d5 7. e5 Nfd7 8. Bxe7
Qxe7 9. Bd3 h6 10. Nh3 c5 11. O-O 1/2-1/2

[Event "Senioren-BEM Halle"]
[Site "Halle"]
[Date "2014.10.12"]
[Round "4.1"]
[White "Fischer, Joerg"]
[Black "Benne, Horst"]
[Result "0-1"]
[WhiteElo "1808"]
[BlackElo "2095"]
[PlyCount "46"]
[EventDate "2014.??.??"]

1. d4 Nf6 2. c4 e5 3. dxe5 Ng4 4. Nf3 Bc5 5. e3 Nc6 6. Bd2 Ngxe5 7. Nxe5 Nxe5
8. Bc3 Qe7 9. Qd2 a5 10. a3 a4 11. Be2 O-O 12. O-O d6 13. Bxe5 dxe5 14. Nc3 Be6
15. Qc2 Qd7 16. Rad1 Qc6 17. Bf3 Qa6 18. Nd5 Rac8 19. Be2 c6 20. Nb4 Qa5 21.
Nd3 Be7 22. Rc1 Rfd8 23. Ne1 Rd2 0-1